Statistics for Countries of the world with no map

Click here to take the quiz!

General Stats

  • This quiz has been taken 64 times
  • The average score is 180 of 196

Answer Stats

Answer% Correct
Brazil
100%
Canada
100%
United States
100%
Algeria
97%
Andorra
97%
Antigua and Barbuda
97%
Australia
97%
Azerbaijan
97%
Belize
97%
Bolivia
97%
Cameroon
97%
Chad
97%
Chile
97%
Dem. Rep. of the Congo
97%
Dominica
97%
Dominican Republic
97%
Equatorial Guinea
97%
Estonia
97%
Finland
97%
Guinea
97%
Japan
97%
Jordan
97%
Kazakhstan
97%
Kuwait
97%
Latvia
97%
Libya
97%
Liechtenstein
97%
Lithuania
97%
Malawi
97%
Malaysia
97%
Mexico
97%
Mozambique
97%
Myanmar
97%
Namibia
97%
Nicaragua
97%
Niger
97%
Nigeria
97%
North Korea
97%
Norway
97%
Oman
97%
Panama
97%
Paraguay
97%
Peru
97%
Qatar
97%
Russia
97%
Rwanda
97%
Serbia
97%
Slovakia
97%
Slovenia
97%
South Africa
97%
South Korea
97%
Spain
97%
St. Kitts and Nevis
97%
Sweden
97%
Tanzania
97%
Turkmenistan
97%
United Arab Emirates
97%
United Kingdom
97%
Uzbekistan
97%
Afghanistan
93%
Angola
93%
Argentina
93%
Armenia
93%
Austria
93%
Bahrain
93%
Bangladesh
93%
Barbados
93%
Belarus
93%
Belgium
93%
Benin
93%
Botswana
93%
Brunei
93%
Burundi
93%
Cambodia
93%
China
93%
Colombia
93%
Comoros
93%
Costa Rica
93%
Denmark
93%
Egypt
93%
El Salvador
93%
Eswatini
93%
Fiji
93%
France
93%
Georgia
93%
Germany
93%
Guatemala
93%
Guinea Bissau
93%
Haiti
93%
Honduras
93%
Hungary
93%
India
93%
Indonesia
93%
Ivory Coast
93%
Jamaica
93%
Kenya
93%
Kosovo
93%
Laos
93%
Lesotho
93%
Luxembourg
93%
Monaco
93%
Morocco
93%
Netherlands
93%
North Macedonia
93%
Poland
93%
Portugal
93%
Republic of the Congo
93%
San Marino
93%
South Sudan
93%
St. Lucia
93%
Syria
93%
Togo
93%
Turkey
93%
Uganda
93%
Ukraine
93%
Uruguay
93%
Vatican City
93%
Yemen
93%
Albania
90%
Bahamas
90%
Cape Verde
90%
Djibouti
90%
Ecuador
90%
Ethiopia
90%
Gambia
90%
Ghana
90%
Greece
90%
Guyana
90%
Iran
90%
Iraq
90%
Ireland
90%
Israel
90%
Kiribati
90%
Kyrgyzstan
90%
Lebanon
90%
Liberia
90%
Mali
90%
Mauritania
90%
Montenegro
90%
Pakistan
90%
Romania
90%
Senegal
90%
Seychelles
90%
Solomon Islands
90%
Sri Lanka
90%
St. Vincent and Grenadines
90%
Sudan
90%
Taiwan
90%
Thailand
90%
Tunisia
90%
Zambia
90%
Zimbabwe
90%
Bhutan
86%
Bosnia and Herzegovina
86%
Bulgaria
86%
Central African Republic
86%
Croatia
86%
Cuba
86%
Cyprus
86%
Czech Republic
86%
East Timor
86%
Fed. States of Micronesia
86%
Gabon
86%
Grenada
86%
Iceland
86%
Italy
86%
Madagascar
86%
Marshall Islands
86%
Mauritius
86%
Moldova
86%
Nauru
86%
Palau
86%
Papua New Guinea
86%
Philippines
86%
Sierra Leone
86%
Singapore
86%
Suriname
86%
Tonga
86%
Trinidad and Tobago
86%
Tuvalu
86%
Venezuela
86%
Maldives
83%
Malta
83%
Mongolia
83%
Nepal
83%
New Zealand
83%
São Tomé and Príncipe
83%
Saudi Arabia
83%
Somalia
83%
Switzerland
83%
Tajikistan
83%
Vanuatu
83%
Vietnam
83%
Samoa
79%
Burkina Faso
76%
Eritrea
76%

Score Distribution

Percentile by Number Answered

Percent of People with Each Score

Your Score History

You have not taken this quiz